UBT Library

Abraham Lincoln; (Record no. 41548)

000 -LEADER
fixed length control field 00637cam a22002171 4500
001 - CONTROL NUMBER
control field 274719
005 - DATE AND TIME OF LATEST TRANSACTION
control field 20180201084504.0
008 - FIXED-LENGTH DATA ELEMENTS--GENERAL INFORMATION
fixed length control field 721219s1939 nyuabcf 000 0beng
010 ## - LIBRARY OF CONGRESS CONTROL NUMBER
LC control number 39027998
040 ## - CATALOGING SOURCE
Original cataloging agency DLC
Transcribing agency DLC
Modifying agency DLC
041 ## - LANGUAGE CODE
Language code of text/sound track or separate title eng
043 ## - GEOGRAPHIC AREA CODE
Geographic area code n-us---
080 ## - UNIVERSAL DECIMAL CLASSIFICATION NUMBER
Universal Decimal Classification number 973.7092 SAN
082 00 - DEWEY DECIMAL CLASSIFICATION NUMBER
Classification number 973.7092 SAN
-- B
100 1# - Rafti
Rafti 16
101 ## - Shkurtesa
Shkurtesa HIS
240 10 - UNIFORM TITLE
Uniform title <a href="Abraham Lincoln: the war years.">Abraham Lincoln: the war years.</a>
245 00 - TITLE STATEMENT
Title Abraham Lincoln;
Statement of responsibility, etc by Carl Sandburg. With 414 half-tones of photographs and 249 cuts of cartoons, letters, documents.
906 ## - LOCAL DATA ELEMENT F, LDF (RLIN)
a 7
b cbc
c orignew
d u
e ocip
f 19
g y-gencatlg
942 ## - ADDED ENTRY ELEMENTS (KOHA)
Source of classification or shelving scheme
Item type Books
Holdings
Withdrawn status Lost status Source of classification or shelving scheme Damaged status Not for loan Collection code Permanent location Current location Shelving location Date acquired Total Checkouts Full call number Barcode Date last seen Price effective from Koha item type
          Koleksioni i përgjithshem UBT - Lipjan UBT - Lipjan Koleksioni i përgjithshem 02/01/2018   973.7092 SAN 002-2997691 02/01/2018 02/01/2018 Books
          Koleksioni i përgjithshem UBT - Lipjan UBT - Lipjan Koleksioni i përgjithshem 02/01/2018   973.7092 SAN 002-2997680 02/01/2018 02/01/2018 Books
UBT Library © 2015-2024. All rights reserved University Education for Business and Technology